000 01309nam2a2200277 4500
001 rc\2900534
005 20110801173729.4
035 _a(NLR Aleph) 007051891
090 _a13590915
_c13590915
100 _a20110801d1934 |||y0rusy50 ca
101 0 _arus
102 _aRU
105 _aab z |||||
200 1 _aГеологический очерк Дамламаджинской нефтеносной площади
210 _d1934
215 _a68 с., [3] л. карт. и схем.
_cкарт., схем.
320 _aБиблиогр. в конце отд. статей
423 0 _12001#$aО времени проявления на Кавказе орогенических фаз альпийской эры дислокаций
_1700#1$aВассоевич$bН.Б.$4070
423 0 _12001#$aГеологические исследования и поиски нефти в северо-западных предгорьях Талышского хребта
_1700#1$aКуцев$bВ.П.$4070
461 0 _1001rc\2900525
_12001#$aТруды Геолого-разведочной конторы Азнефти$eВып. 1-$vВып. 10
700 1 _aАпресов
_bС. М.
801 0 _aRU
_bNLR
_gpsbo
801 1 _aRU
_bELAR
_2rusmarc
852 _aNLR
_j33-17/305
942 _cBOOK
980 _aNB